MARC детайли
| 000 -Лидер |
| Контролно поле с фиксирана дължина |
02397nam a2200397 a 4500 |
| 003 - Код на организацията, давaща контролен номер |
| Контролно поле |
BLK |
| 005 - Дата и час на последна редакция |
| Контролно поле |
20231027102535.0 |
| 008 - Елементи от данни с фиксирана дължина |
| fixed length control field |
180411b bul|||||r ||||||| ||bul|| |
| 010 ## - Наследен системен номер |
| LC control number |
KNG00191602000 |
| 040 ## - Източник на каталожния запис |
| Идентификатор на билиотеката - собственик на записа |
BLK |
| 041 ## - Код за език |
| Код за езика на текст/звукозапис или на отделно заглавие |
Френски |
| Код за езика КДБФ |
Френски |
| 080 ## - УДК |
| Текстов определител УДК |
Френска литература 821.133.1 |
| УДК код - определител по УДК |
821.133.1 |
| УДК - код + определител |
821.133.1 |
| 100 ## - Редна дума - Автор |
| R(LIN) |
435983 |
| Автор |
Courier, P. L. |
| Авторска отговорност |
първи автор |
| 139 ## - Редно поле |
| Редна дума |
Courier, P. L. |
| 245 10 - Сведения за заглавието |
| Заглавие |
Oeuvres |
| Подзаглавни данни |
precedees de sa vie par Armand Carrel |
| Редно поле (дума) |
P. L. Courier |
| 257 ## - Страна на издаване |
| Страна на създаване/издаване |
Франция |
| 260 ## - Област на издателските данни |
| Място на издаване, разпространение и проч. |
Paris |
| Година на издаване |
1872 |
| 9 (RLIN) |
435986 |
| Име на издателя, разпространителя и проч. |
Libr. de Firmin Didot Freres |
| 300 ## - Физическа характеристика |
| Страници |
606 p. |
| Размери/Мащаб |
18 см |
| 380 ## - Жанр |
| Жанр |
Худож. лит. |
| 490 ## - СЕРИИ (Колекции) |
| 9 (RLIN) |
435080 |
| Име на серия |
Колекция Редки и ценни издания |
| 490 ## - СЕРИИ (Колекции) |
| 9 (RLIN) |
435931 |
| Име на серия |
Лична библиотека на Захари Стоянов |
| №: серия |
21 |
| 500 ## - Общи забележки |
| Забележка |
Датирано: 27.ІV.936 г. № 251. |
| 852 ## - Местоположение |
| Форматна сигнатура |
Рф 872 ЗСт |
| Фондова буква |
Редки и ценни |
| 856 4# - Електронен адрес и достъп |
| Електронен формат |
jpg - файл |
| Име на файл |
Портрет |
| Права за достъп |
Достъп за регистрирани потребители |
| Път до файла /url/ |
http://185.138.176.146:18082/cgi-bin/koha/opac-retrieve-file.pl?id=b4696178dd263386868ef9e5111f7b27 |
| Допълнителна информация (Корица, съдържание, пълен текст, звуков файл, HTML файл) |
Изображение |
| Информация за съдържанието |
Портрет |
| 856 4# - Електронен адрес и достъп |
| Електронен формат |
jpg - файл |
| Име на файл |
Съдържание |
| Права за достъп |
Достъп за регистрирани потребители |
| Път до файла /url/ |
http://185.138.176.146:18082/cgi-bin/koha/opac-retrieve-file.pl?id=77bea3f3296a20b13dc44663e0b69b53 |
| Допълнителна информация (Корица, съдържание, пълен текст, звуков файл, HTML файл) |
Изображение |
| Информация за съдържанието |
Съдържание 1 |
| 856 4# - Електронен адрес и достъп |
| Електронен формат |
jpg - файл |
| Име на файл |
Съдържание |
| Права за достъп |
Достъп за регистрирани потребители |
| Път до файла /url/ |
http://185.138.176.146:18082/cgi-bin/koha/opac-retrieve-file.pl?id=9e037a25a4a1b9ade281f8e1df86d13c |
| Допълнителна информация (Корица, съдържание, пълен текст, звуков файл, HTML файл) |
Изображение |
| Информация за съдържанието |
Съдържание 2 |
| 856 4# - Електронен адрес и достъп |
| Електронен формат |
jpg - файл |
| Име на файл |
Съдържание |
| Права за достъп |
Достъп за регистрирани потребители |
| Път до файла /url/ |
http://185.138.176.146:18082/cgi-bin/koha/opac-retrieve-file.pl?id=c04363911a2f2bd70f7e4acc83e33c83 |
| Допълнителна информация (Корица, съдържание, пълен текст, звуков файл, HTML файл) |
Изображение |
| Информация за съдържанието |
Съдържание 3 |
| 856 4# - Електронен адрес и достъп |
| Електронен формат |
jpg - файл |
| Име на файл |
Съдържание |
| Права за достъп |
Достъп за регистрирани потребители |
| Път до файла /url/ |
http://185.138.176.146:18082/cgi-bin/koha/opac-retrieve-file.pl?id=8921897b6530eed005388d8422595dcd |
| Допълнителна информация (Корица, съдържание, пълен текст, звуков файл, HTML файл) |
Изображение |
| Информация за съдържанието |
Съдържание 4 |
| 856 4# - Електронен адрес и достъп |
| Електронен формат |
jpg - файл |
| Име на файл |
Съдържание |
| Права за достъп |
Достъп за регистрирани потребители |
| Път до файла /url/ |
http://185.138.176.146:18082/cgi-bin/koha/opac-retrieve-file.pl?id=787c69159404bbdd6ee8799a0e28d3db |
| Допълнителна информация (Корица, съдържание, пълен текст, звуков файл, HTML файл) |
Изображение |
| Информация за съдържанието |
Съдържание 5 |
| 856 4# - Електронен адрес и достъп |
| Електронен формат |
jpg - файл |
| Име на файл |
Съдържание |
| Права за достъп |
Достъп за регистрирани потребители |
| Път до файла /url/ |
http://185.138.176.146:18082/cgi-bin/koha/opac-retrieve-file.pl?id=dd0b36eeffe7d2ff129fd3ad5357f8c2 |
| Допълнителна информация (Корица, съдържание, пълен текст, звуков файл, HTML файл) |
Изображение |
| Информация за съдържанието |
Съдържание 6 |
| 942 ## - АРТИКУЛИ |
| Вид на библиотечния материал |
Книги |
| Скрит в OPAC |
Не |
| Периодичен библиозапис |
Да |
| 944 ## - СЪЗДАВАНЕ И РЕДАКЦИЯ на ЗАПИСА |
| Създаване/Редакция |
Създаване |
| Дата на регистрацията/редакция |
2020-11-06 |
| Служител, извършил регистрацията/редакцията |
30542 |
| Статус, дата на статуса |
Русанова Ирена |
| 999 ## - СИСТЕМНИ КОНТРОЛНИ НОМЕРА |
| Koha biblionumber |
391362 |
| Koha biblioitemnumber |
391362 |
| 999 ## - СИСТЕМНИ КОНТРОЛНИ НОМЕРА |
| Koha biblioitemnumber |
391362 |
| 999 ## - СИСТЕМНИ КОНТРОЛНИ НОМЕРА |
| Koha biblioitemnumber |
391362 |
| 999 ## - СИСТЕМНИ КОНТРОЛНИ НОМЕРА |
| Koha biblioitemnumber |
391355 |